书目信息 |
| 题名: |
未来学校学习空间
|
|
| 作者: | 李葆萍 , 杨博 主编 | |
| 分册: | ||
| 出版信息: | 北京 电子工业出版社 2022.04 |
|
| 页数: | xvi,256页 | |
| 开本: | 26cm | |
| 丛书名: | 智能时代的未来学校 | |
| 单 册: | ||
| 中图分类: | TU244 | |
| 科图分类: | ||
| 主题词: | 校园规划--xiao yuan gui hua--空间规划--环境设计--案例 | |
| 电子资源: | ||
| ISBN: | 978-7-121-42979-8 | |
| 000 | 01422nam0 2200289 450 | |
| 001 | 012001000029 | |
| 005 | 20141201094811.0 | |
| 010 | @a978-7-121-42979-8@dCNY88.00 | |
| 099 | @aCAL 012022048732 | |
| 100 | @a20220905d2022 em y0chiy50 ea | |
| 101 | 0 | @achi |
| 102 | @aCN@b110000 | |
| 105 | @aa z 000yy | |
| 106 | @ar | |
| 200 | 1 | @a未来学校学习空间@Awei lai xue xiao xue xi kong jian@f李葆萍, 杨博主编 |
| 210 | @a北京@c电子工业出版社@d2022.04 | |
| 215 | @axvi,256页@c图@d26cm | |
| 225 | 2 | @a智能时代的未来学校@Azhi neng shi dai de wei lai xue xiao |
| 300 | @a本书是北京市教育科学“十三五”规划优先关注课题“基于信息网络技术的未来学校研究”课题成果 | |
| 330 | @a本书共八章,第一章为未来学校内涵及相关理论的介绍;第二章为学习空间的发展历史、变革趋势及设计理念的介绍;第三章为未来学校学习空间的整体设计及典型案例的介绍;第四章从布局设计、空间功能划分、空间弹性、光照、色彩、温度和湿度、声音等方面介绍了教室空间环境的设计;第五章介绍了走廊、屋顶等学校过渡空间的教育功能及其设计;第六章介绍了各种不同类型的线上学习空间建设;第七章介绍了科技场馆、学习中心等非正式学习空间的设计和建设;第八章为可持续发展理念下的未来学校空间建设。 | |
| 410 | 0 | @12001 智能时代的未来学校 |
| 606 | 0 | @a校园规划@Axiao yuan gui hua@x空间规划@x环境设计@x案例 |
| 690 | @aTU244@v5 | |
| 701 | 0 | @a李葆萍@Ali bao ping@4主编 |
| 701 | 0 | @a杨博@Ayang bo@4主编 |
| 801 | 0 | @aCN@bAHXH@c20221111 |
| 905 | @b1368658-62@dTU244@e2116@f5 | |
| 未来学校学习空间/李葆萍, 杨博主编.-北京:电子工业出版社,2022.04 |
| xvi,256页:图;26cm.-(智能时代的未来学校) |
| 本书是北京市教育科学“十三五”规划优先关注课题“基于信息网络技术的未来学校研究”课题成果 |
| ISBN 978-7-121-42979-8:CNY88.00 |
| 本书共八章,第一章为未来学校内涵及相关理论的介绍;第二章为学习空间的发展历史、变革趋势及设计理念的介绍;第三章为未来学校学习空间的整体设计及典型案例的介绍;第四章从布局设计、空间功能划分、空间弹性、光照、色彩、温度和湿度、声音等方面介绍了教室空间环境的设计;第五章介绍了走廊、屋顶等学校过渡空间的教育功能及其设计;第六章介绍了各种不同类型的线上学习空间建设;第七章介绍了科技场馆、学习中心等非正式学习空间的设计和建设;第八章为可持续发展理念下的未来学校空间建设。 |
| ● |
| 相关链接 |
|
|
|
|
正题名:未来学校学习空间
索取号:TU244/2116
 
预约/预借
| 序号 | 登录号 | 条形码 | 馆藏地/架位号 | 状态 | 备注 |
| 1 | 1368658 | 213686581 | 第二样本阅览室/ [索取号:TU244/2116] | 在馆 | |
| 2 | 1368659 | 213686590 | 教育系资料室/ [索取号:TU244/2116] | 在馆 | |
| 3 | 1368660 | 213686607 | 教育系资料室/ [索取号:TU244/2116] | 在馆 | |
| 4 | 1368661 | 213686616 | 第三借阅区/ [索取号:TU244/2116] | 在馆 | |
| 5 | 1368662 | 213686625 | 第三借阅区/ [索取号:TU244/2116] | 在馆 |